000 00521nam a2200193 a 4500
001 20184
003 CO-ViMGA
008 141112s2004 ck r 000 u spa d
020 _a9802572160
040 _aCO-ViMGA
_bspa
_cCO-ViMGA
082 0 4 _aPILa
100 1 _aPilkey, Dav
_93210
245 1 0 _aUn amigo para dragón
260 _aCaracas :
_bEdiciones Ekare,
_c1999
300 _a48 p. il.
590 _aForma de adquisición : Premio Mincultura
650 1 4 _aCUENTOS INFANTILES ESTADOUNIDENSES
_9823
942 _2ddc
_cBK
999 _c9802
_d9802